Shakespeare's Extras Quiz Stats

 Plays Quiz Updated Feb 28, 2020

Support Sporcle.
Go Orange.
Score 0/121 Timer 15:00
0 Plays Today
Character(s) % Correct
Soldiers
70.3%
Ladies
60.4%
Servants, Servingmen
60.1%
Children--Boy, Girl, etc. (various plays)
59.7%
Witches (Macbeth)
53.4%
Lords
49.5%
Sailors
48.8%
Fairies (Midsummer)
48.6%
Knights
45.8%
Guards
43.5%
Queen (unnamed in Cymbeline)
40.4%
Man (Henry VIII--yup, there's a 'Man')
39.3%
A Priest (various plays)
38%
Clowns
37.3%
Merchants
37%
Musicians
35.8%
Princes (Richard III)
35.6%
The Nurse (R&J)
33.5%
Captains
32.9%
Duke (many plays)
32.4%
Players, Player King, Player Queen
31.6%
Messengers
31.4%
Gentlemen
31%
Romans
30.7%
Doctor (Lear, Macbeth)
30%
Princess of France (Love's Labour's Lost)
30%
Citizens
29%
Senators
26.4%
Courtiers
25.9%
The Fool (Lear, notably)
24.9%
Murderers
24.8%
Apparitions, Spirits
24.7%
Thieves (Henry IV)
24.6%
Brothers
24%
Father (Henry VI)
23.7%
Nobles, Noblemen
23.5%
The People, Plebeians (Coriolanus, Caesar)
23.3%
Son (Henry VI, Macbeth)
21.4%
Pages
20.8%
The Watch
20.8%
Dancer (Henry IV)
20.6%
Character(s) % Correct
Chorus
20.5%
Attendants
20.3%
Tailor (Taming of the Shrew)
19.3%
Fishermen (Pericles)
18.7%
The Apothecary (R&J)
18.6%
Pirates (Pericles)
18%
Huntsmen
17.5%
Gaolers
17.5%
Grooms
16.4%
Frenchman (Cymbeline)
16.3%
Shepherd, or the Old Shepherd (Winter's Tale)
16%
Executioners (King John)
15.4%
Officers
15.1%
Gardener (Richard II)
14.6%
Heralds
14.3%
Servicemen or Army
14%
Porter (Macbeth, and others)
13.9%
Gentlewomen
13.7%
Old Man (or Old-something)
13.3%
Drums, Kettledrums, Trumpets (Hamlet)
13.2%
Scribe, Scrivener
12.6%
Ambassadors
12.5%
Master, Master-Gunner (Henry VI)
12.3%
Mayor, Lord Mayor
12.1%
Egyptian (Antony and Cleopatra)
12.1%
Blackamoors (Love's Labor's Lost)
11.9%
Clerks
11.5%
Sergeant (various plays)
11.5%
Lieutenant
11.4%
Nymphs (Tempest)
11.3%
Soothsayer (notably in Caesar)
11.3%
Commons
11.3%
Countess (All's Well)
11.2%
Bandits
11.1%
Boatswain (The Tempest)
10.4%
Courtezan (Comedy of Errors)
10.1%
Host, Hostess (various plays)
10%
Sentinels, Sentries
9.7%
Sheriff
9.6%
Myrmidons (Troilus and Cressida)
9.6%
Constable (Henry V)
9.5%
Character(s) % Correct
Keepers
9.2%
Widow (All's Well, Shrew, etc.)
9%
Mariners
8.9%
Masquers, Revelers (R&J)
8.9%
Travelers (Henry IV)
8.8%
Steward (All's Well)
8.6%
Townsman (Henry VI)
8.5%
Crier (Henry VIII)
8.2%
Bastard (Henry VI)
8.2%
Eunuchs (Antony & Cleopatra)
7.8%
Jeweler
7.7%
Goths (Titus)
7.6%
Justice (Measure for Measure)
7.5%
Forestor (Love's Labour's Lost)
7.4%
The Haberdasher (Taming of the Shrew)
7.4%
Beadles
7.3%
Conspirators (Coriolanus)
7.2%
Neighbours (Henry VI)
7.1%
Secretaries
7%
Scouts
6.8%
Carriers
6.7%
Tribunes
6.5%
Strangers
6.4%
Outlaws (Two Gents)
6.4%
Sexton (Much Ado)
6.4%
Patricians
6.3%
'Prentices (Apprentices)
6.3%
Marshal (Pericles)
6.3%
Warders
6.2%
Vintner (Henry IV)
6.1%
Drawers (Henry IV)
6.1%
Torchbearers (R&J)
5.7%
Lord Chief Justice (Henry IV)
5.3%
The Pedant (Taming of the Shrew)
5.2%
Reapers (Tempest)
4.9%
Legate
4.8%
Petitioners
4.3%
Surveyor (from something or other)
4.1%
Pursuivant
3.7%

You're not logged in!

Compare scores with friends on all Sporcle quizzes.
OR
Log In

From the Vault

Multi-Category Religion Blitz

by DarkPhalanx

Take a leap of faith and give this a try.
Remove Ads.
Support Sporcle.
Get the best of Sporcle when you Go Orange. This ad-free experience offers more features, more stats, and more fun while also helping to support Sporcle. Thank you for becoming a member.

Show Comments

Extras

Top Quizzes Today


Score Distribution

Your Account Isn't Verified!

In order to create a playlist on Sporcle, you need to verify the email address you used during registration. Go to your Sporcle Settings to finish the process.

Report this User

Report this user for behavior that violates our Community Guidelines.

Details: